| 000 | 01113cam a2200325 i 4500 | ||
|---|---|---|---|
| 001 | 200462225 | ||
| 003 | TR-AnTOB | ||
| 005 | 20240806174148.0 | ||
| 007 | ta | ||
| 008 | 240506s2024 tu o 000 0 tur d | ||
| 020 | _a9786057220264 | ||
| 040 |
_aTVK _beng _erda _cTVK _dTR-AnTOB |
||
| 041 | 0 | _atur | |
| 050 | 4 |
_aDR603 _b.T87564 2024 |
|
| 090 |
_aDR603 _b.T87564 2024 |
||
| 100 | 1 |
_aTürkmen Yılmaz, Semra _eauthor _9142424 |
|
| 245 | 1 | 0 |
_a"Kapanmayan yara" 27. yılında 28 Şubat : _bmağdurların sorunları ve çözüm önerileri / _cÖğr. Gör. Semra Türkmen Yılmaz, Av. Harun Kale. |
| 264 | 1 |
_aAnkara : _bMemur-Sen Akademi, _c2024. |
|
| 300 |
_a68 pages : _bphotographs ; _c28 cm |
||
| 336 |
_atext _btxt _2rdacontent |
||
| 337 |
_aunmediated _bn _2rdamedia |
||
| 338 |
_avolume _bnc _2rdacarrier |
||
| 490 | 0 |
_aMemur-Sen Akademi ; _v19 |
|
| 504 | _aBIB | ||
| 650 | 7 |
_aSuç kurbanları _xHukuki durum, kanunlar vb. _2etuturkob _9144831 |
|
| 651 | 7 |
_aTürkiye _xSiyaset ve yönetim _y1980- _2etuturkob _98950 |
|
| 700 | 1 |
_aKale, Harun _eauthor _9146721 |
|
| 942 |
_2lcc _cBK |
||
| 999 |
_c200462225 _d80437 |
||